Filosofía de la ciencia social

Guardat en:
Dades bibliogràfiques
Autor principal: Rudner, Richard S (Autor)
Format: Llibre
Idioma:espanyol
Publicat: Madrid Editorial 1973
Col·lecció:Alianza Universidad, 73
Matèries:
Etiquetes: Afegir etiqueta
Sense etiquetes, Sigues el primer a etiquetar aquest registre!

MARC

LEADER 00000nam a2200000 a 4500
001 UCX1813
003 CL-VaPUC
008 901107e19730000SP |||||||||||||||||spa|d
082 0 4 |a 300.1  |b RUD  |2 21 
100 0 |a Rudner, Richard S  |e author  |9 317505 
245 1 0 |a Filosofía de la ciencia social 
300 |a 171 p 
942 |c BK 
945 |d 19901107 00:00:00 
260 |a Madrid  |b Editorial  |c 1973 
650 0 |a Filosofía de las ciencias sociales  |9 268057 
583 |a last modification  |c 19901107 00:00:00  |k Rodrigo Vera 
490 0 |a Alianza Universidad, 73 
999 |c 222969  |d 222967 
952 |0 0  |1 0  |4 0  |6 300_100000000000000_RUD_1973  |7 0  |8 A  |9 218300  |a BIBENE  |b BIBENE  |d 2019-11-15  |i 2871416  |o 300.1 RUD 1973  |p 2871416  |r 2025-01-15  |w 2019-11-15  |y BK  |k ICO